[Event "Ruhrgebiet VK1 9900"]
[Site "Ruhrgebiet"]
[Date "2000.03.19"]
[Round "7"]
[White "Birgel, Hans"]
[Black "Hilbert, Sepp"]
[Result "1/2-1/2"]
[WhiteElo "1756"]
[BlackElo "1833"]
[PlyCount "41"]
[EventDate "1999.09.19"]
[EventType "team-tourn"]
[EventRounds "9"]
[EventCountry "GER"]
[SourceTitle "EXT 2024"]
[Source "ChessBase"]
[SourceDate "2023.10.10"]
[SourceVersion "1"]
[SourceVersionDate "2023.10.10"]
[SourceQuality "1"]

1. e4 c5 2. c3 e6 3. d4 d5 4. exd5 exd5 5. Nf3 Be7 6. Bb5+ Nc6 7. Ne5 Bd7 8. Nxd7 Qxd7 9. 0-0 cxd4 10. cxd4 Bf6 11. Be3 Nge7 12. Nc3 0-0 13. Rc1 Rfe8 14. Qd2 Rad8 15. Ne2 a6 16. Ba4 Nf5 17. Bxc6 bxc6 18. Rc3 Qb7 19. Rb3 Rd7 20. Rc1 Re6 21. Rcc3 1/2-1/2